| 000 -LEADER |
| fixed length control field |
00603nam a2200217Ia 4500 |
| 001 - CONTROL NUMBER |
| control field |
12007 |
| 003 - CONTROL NUMBER IDENTIFIER |
| control field |
GE_BSU |
| 005 - DATE AND TIME OF LATEST TRANSACTION |
| control field |
20221121121500.0 |
| 008 - FIXED-LENGTH DATA ELEMENTS--GENERAL INFORMATION |
| fixed length control field |
181216s1991en xx |||||||||||||| ||eng|| |
| 020 ## - INTERNATIONAL STANDARD BOOK NUMBER |
| International Standard Book Number |
9780553401677x |
| 040 ## - CATALOGING SOURCE |
| Transcribing agency |
GE_BSU |
| 041 ## - LANGUAGE CODE |
| Language code of text/sound track or separate title |
eng |
| 080 ## - UNIVERSAL DECIMAL CLASSIFICATION NUMBER |
| Universal Decimal Classification number |
821.111-312.4 G-37 |
| 100 ## - MAIN ENTRY--PERSONAL NAME |
| Personal name |
George,Elizabeth |
| 9 (RLIN) |
15958 |
| 245 ## - TITLE STATEMENT |
| Title |
Well-Schooled in murder / |
| Statement of responsibility, etc. |
Elizabeth George |
| 264 ## - PRODUCTION, PUBLICATION, DISTRIBUTION, MANUFACTURE, AND COPYRIGHT NOTICE |
| Place of production, publication, distribution, manufacture |
London : |
| Name of producer, publisher, distributor, manufacturer |
Corgi Books. |
| Date of production, publication, distribution, manufacture, or copyright notice |
1991. |
| 300 ## - PHYSICAL DESCRIPTION |
| Extent |
446 p.: |
| Other physical details |
18 cm. |
| 653 ## - INDEX TERM--UNCONTROLLED |
| keyword |
Well-Schooled in murder |
| 653 ## - INDEX TERM--UNCONTROLLED |
| keyword |
მხატვრული ლიტერატურა |
| 942 ## - ADDED ENTRY ELEMENTS (KOHA) |
| Koha item type |
წიგნი |
| Source of classification or shelving scheme |
|